El último de los Montilla (Record no. 148974)

MARC details
000 -LEADER
campo de control de longitud fija 00456nam a2200157 4500
001 - NÚMERO DE CONTROL
campo de control 148974
003 - IDENTIFICADOR DE NÚMERO DE CONTROL
campo de control ES-MaACL
005 - FECHA Y HORA DE LA ÚLTIMA TRANSACCIÓN
campo de control 20230906202908.0
007 - CAMPO FIJO DE DESCRIPCIÓN FÍSICA--INFORMACIÓN GENERAL
campo de control de longitud fija t|
008 - DATOS DE LONGITUD FIJA--INFORMACIÓN GENERAL
campo de control de longitud fija 070214q1951 sp r ||||1| spa d
100 1# - ENTRADA PRINCIPAL--NOMBRE DE PERSONA
Nombre de persona Surroca y Vila, Juan.
9 (RLIN) 108841
245 13 - MENCIÓN DEL TÍTULO
Título El último de los Montilla
Resto del título : comedia dramática /
Mención de responsabilidad, etc. Juan Surroca y Vila.
260 ## - PUBLICACIÓN, DISTRIBUCIÓN, ETC.
Lugar de publicación, distribución, etc. [s.l.] :
Nombre del editor, distribuidor, etc. [s. n.],
Fecha de publicación, distribución, etc. [1951?]
300 ## - DESCRIPCIÓN FÍSICA
Extensión 48 p. ;
Dimensiones 19 cm.
852 ## - LOCALIZACIÓN
Ubicación ES-MaACL
Número de control de estantería 1947-F-12
Sublocalización o colección R.33157
Holdings
Estatus retirado Estado de pérdida Estado de daño No para préstamo Colección Biblioteca de origen Biblioteca actual Ubicación en estantería Fecha de adquisición Fuente de adquisición Total de préstamos Signatura topográfica completa Código de barras Visto por última vez Precio de reemplazo Tipo de ítem Koha
        Colección de folletos Biblioteca del Ateneo de Madrid Biblioteca del Ateneo de Madrid Depósito folletos 17/01/2008     1947-F-12 1155459 23/02/2023 23/02/2023 Folleto